Online
Catalog

Canto a los ángeles / (Record no. 4903)

MARC details
000 -CABECERA
campo de control de longitud fija 00744cam a2200205 a 4500
001 - NÚMERO DE CONTROL
campo de control 000005100
005 - FECHA Y HORA DE LA ÚLTIMA TRANSACCIÓN
campo de control 20200929151559.0
008 - DATOS DE LONGITUD FIJA--INFORMACIÓN GENERAL
campo de control de longitud fija 810903s1958 pr 000 p spa d
040 ## - FUENTE DE LA CATALOGACIÓN
Centro catalogador/agencia de origen DO-SdBNP
Centro/agencia transcriptor CarP
Centro/agencia modificador DLC
-- BNPHU
082 ## - NÚMERO DE LA CLASIFICACIÓN DECIMAL DEWEY
Número de clasificación PR861.44
Número de documento/Ítem J64c
049 ## - FONDOS LOCALES (OCLC)
Fondos de biblioteca BNGR
100 1# - ENTRADA PRINCIPAL--NOMBRE DE PERSONA
Nombre de persona Joglar Cacho, Manuel,
Fechas asociadas al nombre 1898-1984
9 (RLIN) 14630
245 10 - MENCIÓN DE TÍTULO
Título Canto a los ángeles /
Mención de responsabilidad, etc. M. Joglar Cacho.
260 ## - PUBLICACIÓN, DISTRIBUCIÓN, ETC.
Lugar de publicación, distribución, etc. [San Juan, Puerto Rico] :
Nombre del editor, distribuidor, etc. Atenco Puertorriqueño,
Fecha de publicación, distribución, etc. 1958.
300 ## - DESCRIPCIÓN FÍSICA
Extensión 69 p. ;
Dimensiones 20 cm.
586 ## - NOTA DE PREMIOS
Nota de premios Premiado por el Eteneo Puertorriqueño en el certamen de poesía auspiciado por el Festival de Navidad 1957.
650 #4 - PUNTO DE ACCESO ADICIONAL DE MATERIA--TÉRMINO DE MATERIA
Término de materia o nombre geográfico como elemento de entrada Poesía puertorriqueña
9 (RLIN) 1015
650 #4 - PUNTO DE ACCESO ADICIONAL DE MATERIA--TÉRMINO DE MATERIA
Término de materia o nombre geográfico como elemento de entrada Literatura puertorriqueña
Subdivisión cronológica SIGLO XX
9 (RLIN) 5311
910 ## - DATOS DE OPCIÓN DEL USUARIO (OCLC)
Datos de opción del usuario Catalogación derivada/ LC
Holdings
Estado de retiro Estado de pérdida Restricciones de uso No para préstamo Código de colección Localización permanente Ubicación/localización actual Ubicación en estantería Fecha de adquisición Número de inventario Total de préstamos Signatura topográfica completa Código de barras Fecha visto por última vez Precio válido a partir de Tipo de ítem Koha
        Monografías: Libros y Folletos General General En catalogación 29.07.2009 LF1   PR861.44 J64c 5100-10 25.06.2020 25.06.2020 Préstamo en sala

Powered by Koha